Famous People by Pictures - X, Y, Z - Statistics

General Stats
  • This quiz has been taken 58 times
  • The average score is 5 of 20
Answer Stats
Picture Answer % Correct
Zendaya
81%
Zlatan Ibrahimovic
69%
Yoko Ono
67%
Zayn
58%
Zoë Kravitz
56%
Zac Efron
46%
Zara Larsson
29%
Xavi Simons
21%
Zedd
10%
Zoella
10%
Zack Snyder
8%
Zadie Smith
8%
Yolanda Hadid
6%
Yeji
0%
Yeonjun
0%
Yeosang
0%
Yoona
0%
YUNA
0%
Yunho
0%
ZHU
0%
No matching quizzes found
Score Distribution
Percent of People with Each Score
Percentile by Number Answered
Your Score History
You have not taken this quiz